[Event "Muscat-ch op"]
[Site "Muscat"]
[Date "2024.12.26"]
[Round "1"]
[White "Shashish, Subbiah"]
[Black "Al Maqbali, Saif"]
[Result "1-0"]
[WhiteElo "2009"]
[BlackElo "1511"]
[PlyCount "109"]
[EventDate "2024.12.26"]
[EventType "swiss"]
[EventRounds "9"]
[EventCountry "OMN"]
[SourceTitle "CB01_2025"]
[SourceDate "2025.01.01"]
[SourceVersion "1"]
[SourceVersionDate "2025.01.01"]
[SourceQuality "1"]

1. e4 c5 2. Nf3 Nc6 3. d3 e6 4. g3 d5 5. Nbd2 g6 6. Bg2 Bg7 7. 0-0 Nge7 8. Qe2 0-0 9. Re1 Re8 10. h4 h5 11. e5 Qc7 12. Nb3 b6 13. Bf4 Bb7 14. c3 Nf5 15. Rac1 Rad8 16. Bg5 Rc8 17. d4 cxd4 18. cxd4 Qd7 19. Qd2 Kh7 20. Bf1 Bh6 21. Qf4 Bxg5 22. Nxg5+ Kg7 23. f3 Rh8 24. Bd3 Qe7 25. Bxf5 gxf5 26. a3 Qd7 27. g4 hxg4 28. fxg4 Rxh4 29. Nxe6+ Qxe6 30. Qg5+ Qg6 31. Qxh4 Rh8 32. Qf6+ Qxf6 33. exf6+ Kxf6 34. Rf1 Kg6 35. Rxf5 Rh4 36. Rxd5 Rxg4+ 37. Kf2 Na5 38. Rd6+ f6 39. Nxa5 Rg2+ 40. Ke3 bxa5 41. Rf1 Rxb2 42. Rdxf6+ Kg7 43. Rf7+ Kg6 44. Rc7 Rb3+ 45. Kf4 Kf6 46. Rf2 Ke6 47. Re2+ Kd6 48. Rh7 Rf3+ 49. Kg4 Rb3 50. Re5 a4 51. Rh6+ Kd7 52. Rg5 Ke7 53. Rg7+ Kf8 54. Rc7 Kg8 55. Rd6 1-0

[Event "IND-ch U15 49th"]
[Site "Hosur"]
[Date "2024.11.11"]
[Round "11"]
[White "Shashish, Subbiah"]
[Black "Challa, Saharsha"]
[Result "1-0"]
[WhiteElo "1899"]
[BlackElo "1926"]
[PlyCount "65"]
[EventDate "2024.11.03"]
[EventType "swiss"]
[EventRounds "11"]
[EventCountry "IND"]
[SourceTitle "CB45_2024"]
[Source "ChessBase"]
[SourceDate "2024.11.06"]
[SourceVersion "1"]
[SourceVersionDate "2024.11.06"]
[SourceQuality "1"]

1. e4 c5 2. Nf3 a6 3. d3 Nc6 4. g3 g6 5. Bg2 Bg7 6. 0-0 d6 7. h3 e5 8. Nc3 Nge7 9. Nd2 0-0 10. Nc4 Be6 11. Nd5 f5 12. a4 Bxd5 13. exd5 Nb4 14. c3 Nbxd5 15. Qb3 Kh8 16. Qxb7 Nc7 17. Qb6 Nc8 18. Qc6 a5 19. Na3 Ra6 20. Qf3 h6 21. Nb5 Rb6 22. c4 Ne6 23. Bd2 Rb8 24. Bc3 f4 25. Qd5 Rf6 26. h4 g5 27. hxg5 hxg5 28. Bh3 Nf8 29. Bxe5 Ne7 30. Bxf6 Bxf6 31. Qf7 Bxb2 32. Rae1 Neg6 33. Be6 1-0